00361nam a22001097a 4500003000400000082001800004100001700022245014700039260002500186300000700211653003300218SGT a617.525bE26P aPal, Supayan aEvaluation of adjunctive effect of low-level laser theraphy on pain, swelling and trismus after surgical removal of impacted lower third molar aGurugrambSGTUc2026 a76 aOral & Maxillofacial Surgery